01469nam a2200337 a 4500001001000000003000500010005001700015008004100032010001100073011001100084040000900095090001000104100003900114245018800153260004100341500006000382502007100442590004100513590004000554590004000594650003500634650004900669650003200718856007000750901000700820942001000827942000600837999001900843952013200862952013700994000112886CHAP20220329144326.0170131s2016 mx sm |||||||spa d a109347 a110319 cCHAP aTesis1 aGarcía Cortés, Justino913141510aEstudio hidrogeológico preliminar en la localidad de Ahuatepec del Camino y zona aledaña, municipio de Chalchicomula de Sesma, Pueblah[En línea]cpor Justino García Cortés. aChapingo, Méx. :bEl autor,c2016. aPara ver el contenido del material haga clic en la liga aTesis (Ing. en Irrigación) -- UACH. Departamento de Irrigación aE11695DGDb10c20170201lUCH01h0910 aE5765TAJb05c20170131lUCH01h1217 aE5765TAJb05c20170131lUCH01h121714aAgua subterraneaxPuebla9245514aAguas subterraneasxAprovechamiento.912565414aSuelosxAnálisis.9110204 aFinding aiduhttp://10.13.5.2/tesis/sist112886.pdfzTeclea aquí aBK cTESIS n0 c109347d109347 00102local4051718TESISaBCbBCcPA_TESISd2017-01-31fTESISl0oTesisp33724002534512r2019-12-31 00:00:00w2017-01-31yCD 00102local4051708TESISaBCbBCcPA_TESISd2017-01-31fTESISl0oTesisp33724002534553r2019-12-31 00:00:00tc.2w2017-01-31yCD